000 01175namaa2200313 i 4500
003 EG-GICUC
005 20260517142319.0
008 260517s2003 ua |||jr|||| 000 0 ara d
017 _a7782
_bدار الكتب والوثائق القومية (مصر)
020 _a97785220516
040 _aEG-GiCUC
_bara
_cEG-GiCUC
_dEG-GiCUC
_erda
082 0 4 _221
_a809
_bM1786
092 0 4 _221
_a809
_bM1786
099 _a809 M1786
100 1 _aمدنى، محمد
_eمؤلف.
245 1 2 _aالمقارنة المغلقة :
_bقراءة فى تحولات نظرية "التأثيرات الأدبية"/
_cمحمد مدنى.
250 _aالطبعة الاولى
264 _aالمنيا (مصر) :
_bدار الهدى للنشر والتوزيع،
_c2003.
300 _a158 صفحة ؛
_b
_c24 سم
336 _2rdacontent
_atext
337 _2rdamedia
_aUnmediated
338 _2rdacarrier
_avolume
504 _aيشتمل على ارجاعات ببليوجرافية.
541 _aد. جابر عصفور ؛
_bالقاهرة ؛
_cإهداء ؛
_d2024.
650 1 7 _aالادب المقارن
_2qrmak
651 1 _2qrmak
905 _aAya
942 _2ddc
_cBK
_e21
_n0
999 _c180189
_d180189